000 00887nam a2200217 a 4500
005 20240214063605.0
008 991125s1983 mx 000 0 spa u
020 _a9688011746
035 _aUPN01000025146
049 _aSEP
050 4 _aL227 D621
_bC3 no.10
110 2 _aInstituto Nacional para la Educación de los Adultos (México).
_bDirección de Promoción Cultural
_928096
245 1 0 _aFormulación de proyectos productivos /
_cInstituto Nacional para la Educación de los Adultos, Dirección de Promoción Cultural.
260 _aMéxico :
_bINEA, Dirección de Promoción Cultural,
_c1983.
300 _a94 p.
440 0 _aCapacitación para el desarrollo comunitario ;
_v10
500 _a"Proyecto de capacitación y organización para el desarrollo rural: SARH-INCA-RURAL-PNUD-FAO"
650 2 _aDesarrollo rural
_912457
650 4 _aPRODUCTIVIDAD
905 _aLibro
999 _c25146
_d25146